000 00596nam a2200205Ia 4500
005 20250508162659.0
008 008 250505s9999 xx 000 0 eng d
020 _a0-304-31382-3
037 _aTextual
040 _aFEDL
_beng
_cFEDL
041 _aeng
_2eng
084 _a507, REI
_qFEDL
100 _aReid David J
_9773795
245 0 _aScience for all: Teaching science in the secondary school
260 _aLondon, UK
_bCassell Education Limited
_c1987
300 _axiii,257p
700 _a Hodson Derek
_9773796
942 _cTEXL
_h507, REI
999 _c1378021
_d1378021